Cities Closest to New York City - Statistics

General Stats
  • This quiz has been taken 38 times
    21 since last reset
  • The average score is 10 of 15
Answer Stats
Distance City % Correct
306 km Boston
94%
129 km Philadelphia
94%
326 km Washington, D.C.
94%
271 km Baltimore
82%
216 km Albany
71%
3 km Jersey City
71%
14 km Newark
71%
250 km Providence
71%
460 km Richmond
71%
162 km Hartford
59%
112 km New Haven
59%
403 km Rochester
59%
462 km Virginia Beach
47%
471 km Norfolk
41%
125 km Allentown
35%
No matching quizzes found
Score Distribution
Percent of People with Each Score
Percentile by Number Answered
Your Score History
You have not taken this quiz since the last reset